000 00831nam a2200241 a 4500
001 BRCA_4016
005 20190320204520.0
008 200110s2009----mx-a######---#000-0#spa-#
020 _a9786074002225
041 _aspa
044 _amx
050 4 _aF1232
_b.F56 2009
100 1 _aFlores Caballero, Romeo
_910438
245 1 0 _aRevolución y contrarrevolución en la independencia de México, 1767-1867
_cRomero Flores Caballero.
260 _aMéxico
_bOcéano
_c2009
300 _a323 p.
_bil.
_c25 cm.
500 _aIncluye índice analítico y créditos de las imágenes
500 _aIncluye piezas de la colección Franz Mayer: p. 90
504 _aBibliografía: p. 281-298
651 4 _aMéxico
_xHistoria
_y1767-1867
_910439
651 4 _aMéxico
_xHistoria
_yGuerra de Independencia, 1810-1821
_910440
942 _2lcc
_cB
999 _c3741
_d3741